000 00495nam a2200181Ia 4500
001 25286
005 20260414151139.0
008 260414t2022||||xx |||||||||||||| ||spa||
041 _aESP
082 _a346.431
_bR22
100 _aRamírez Cruz, Eugenio María
_eAUT
245 0 _aTratado de derecho hipotecario :
_bun enfoque doctrinario, normativo y jurisprudencial
260 _c2022
300 _a783 páginas :
_c25 cm.
650 _aDER
654 _aCDE
942 _cLIB
_dJUS
_fJUS
_2ddc
_n
999 _c25286
_d25286